| 000 | 00614ntaaa2200169 4500 | ||
|---|---|---|---|
| 003 | 01 | ||
| 005 | 20251027203014.0 | ||
| 008 | 0714s1973 ag 01 | ||
| 040 |
_aAR-BaBN _bspa _cAR-BaBN _eaacr _dRIC |
||
| 082 | _a313.0000 AL6 | ||
| 245 | _aAlmanaque Mundial | ||
| 250 | _a1 ed. | ||
| 260 |
_aMéxico : _bEditoria Moderna, _c1956-1974 |
||
| 300 | _a8 tomos | ||
| 500 | _aPublicado por Selecciones de Readers Digest. En publicación. La biblioteca recibe la edición de cada año. T.1 año 1956: T.2 año 1959: T.3 año 1966: T.4 año 1967: T.5 año 1968: T.6 año 1969: T.7 año 1985: T.8 año 1974 | ||
| 942 | _cBK | ||
| 999 |
_c25493 _d25493 |
||